Physics of semiconductor devices
I tiakina i:
| Ngā kaituhi matua: | , |
|---|---|
| Hōputu: | Pukapuka |
| Reo: | Ingarihi |
| I whakaputaina: |
Hoboken
John Wiley
2007
|
| Putanga: | 3a. ed |
| Ngā marau: | |
| Ngā Tūtohu: |
Tāpirihia he Tūtohu
Kāore He Tūtohu, Me noho koe te mea tuatahi ki te tūtohu i tēnei pūkete!
|
MARC
| LEADER | 00000cam a2200000 a 4500 | ||
|---|---|---|---|
| 001 | UCF2056 | ||
| 003 | CL-VaPUC | ||
| 008 | 120810e20070000US |||||||||||||||||eng|d | ||
| 020 | |a 9780471143239 | ||
| 082 | 0 | 4 | |a 621.381 |b SZE |2 21 |
| 100 | 0 | |a Sze, Simon M |e author |9 563651 | |
| 700 | 0 | |a Ng, Kwok K |e author |9 563652 | |
| 245 | 1 | 0 | |a Physics of semiconductor devices |
| 250 | |a 3a. ed | ||
| 300 | |a 815 p | ||
| 942 | |c BK | ||
| 945 | |d 20120810 00:00:00 |a cmena | ||
| 260 | |a Hoboken |b John Wiley |c 2007 | ||
| 650 | 7 | |a DISPOSITIVOS SEMICONDUCTORES |2 CL-VaPUC |9 361201 | |
| 650 | 0 | |a Transistores |9 260330 | |
| 650 | 0 | |a Corrientes eléctricas |9 354960 | |
| 650 | 0 | |a Sensores |9 306935 | |
| 583 | |a last modification |c 20120810 11:35:00 |k Rodrigo Vera | ||
| 999 | |c 348724 |d 348722 | ||
| 952 | |0 0 |1 0 |4 0 |6 621_381000000000000_SZE_2007 |7 0 |8 A |9 450874 |a BIBING |b BIBING |d 2019-11-22 |i 4890299 |o 621.381 SZE 2007 |p 4890299 |r 2025-01-20 |w 2019-11-22 |y BK |k EIE | ||